000 00621nam a2200169Ia 4500
008 110201s9999 xx 000 0 und d
082 _bB1766
_aS 242
100 _aबेडेकर विश्राम
245 _aएक झाड आणि दोन पक्षी
260 _bपॉप्युलर प्रकाशन
365 _b100
600 _aबेडेकर विश्राम
630 _aएक झाड आणि दोन पक्षी
700 _aबेडेकर विश्राम
730 _aएक झाड आणि दोन पक्षी
942 _cBOOK
999 _c828927
_d828924